000 00515cam a22002171 4500
001 sa 68009523
003 DLC
005 20260227112543.0
008 890731s1968 ii 000 0 hino
010 _asa 68009523
035 _a(OCoLC)20103669
040 _aDLC
_cWaU
_dDLC
042 _apremarc
050 0 0 _aPK1931
_b.M4
100 1 _aMehrotra, Ramesh Chandra,
_d1934-
245 1 0 _aBhāshaishaṇā.
260 _c1968.
300 _a100 p.
_c23 cm.
500 _aIn Hindi.
650 0 _aHindi language.
999 _c82959
_d82959